<?xml version="1.0" encoding="UTF-8"?>
<record
    xmlns:xsi="http://www.w3.org/2001/XMLSchema-instance"
    xsi:schemaLocation="http://www.loc.gov/MARC21/slim http://www.loc.gov/standards/marcxml/schema/MARC21slim.xsd"
    xmlns="http://www.loc.gov/MARC21/slim">

  <leader>00878nam a22001577a 4500</leader>
  <controlfield tag="003">OSt</controlfield>
  <controlfield tag="005">20150915111924.0</controlfield>
  <controlfield tag="008">150915b        xxu||||| |||| 00| 0 eng d</controlfield>
  <datafield tag="040" ind1=" " ind2=" ">
    <subfield code="c">RUA</subfield>
  </datafield>
  <datafield tag="082" ind1=" " ind2=" ">
    <subfield code="a">AGR CHE 1999 B024 Or.1</subfield>
  </datafield>
  <datafield tag="100" ind1=" " ind2=" ">
    <subfield code="9">506</subfield>
    <subfield code="a">CHETH, KIMNGOY.</subfield>
  </datafield>
  <datafield tag="245" ind1=" " ind2=" ">
    <subfield code="a">Effect of organic and inorganic fertilizer residual on the growth of rice after the first rice crop a case study of prateah lang soil group at glasshouse &#x17A5;&#x1791;&#x17D2;&#x1792;&#x17B7;&#x1796;&#x179B;&#x1793;&#x17C3;&#x179F;&#x17C6;&#x178E;&#x179B;&#x17CB;&#x1787;&#x17B8;&#x1782;&#x17B7;&#x1798;&#x17B8; &#x1793;&#x17B7;&#x1784;&#x200B;&#x1787;&#x17B8;&#x179F;&#x179A;&#x17B8;&#x179A;&#x17B6;&#x1784;&#x17D2;&#x1782;&#x1796;&#x17B8;&#x178A;&#x17C6;&#x178E;&#x17B6;&#x17C6;&#x179F;&#x17D2;&#x179A;&#x17BC;&#x1785;&#x179B;&#x17BE;&#x1780;&#x1791;&#x17B8;&#x17E1;&#x179B;&#x17BE;&#x1780;&#x17B6;&#x179A;&#x179B;&#x17BC;&#x178F;&#x179B;&#x17B6;&#x179F;&#x17CB;&#x178A;&#x17C6;&#x178E;&#x17B6;&#x17C6;&#x179F;&#x17D2;&#x179A;&#x17BC;&#x179C;&#x179B;&#x17BE;&#x1780;&#x1791;&#x17B8;&#x17E2;&#x179B;&#x17BE;&#x1780;&#x17D2;&#x179A;&#x17BB;&#x1798;&#x178A;&#x17B8;&#x1794;&#x17D2;&#x179A;&#x1791;&#x17C7;&#x17A1;&#x17B6;&#x1784;&#x1780;&#x17D2;&#x1793;&#x17BB;&#x1784;&#x179B;&#x1780;&#x17D2;&#x1781;&#x1781;&#x17D0;&#x178E;&#x17D2;&#x178C;&#x1795;&#x17D2;&#x1791;&#x17C7;&#x1780;&#x1789;&#x17D2;&#x1785;&#x1780;&#x17CB;</subfield>
  </datafield>
  <datafield tag="260" ind1=" " ind2=" ">
    <subfield code="a">Phnom Penh </subfield>
    <subfield code="b">RUA</subfield>
    <subfield code="c">1999</subfield>
  </datafield>
  <datafield tag="300" ind1=" " ind2=" ">
    <subfield code="a">85p.</subfield>
    <subfield code="b">ill.</subfield>
    <subfield code="c">29cm.</subfield>
  </datafield>
  <datafield tag="942" ind1=" " ind2=" ">
    <subfield code="2">ddc</subfield>
    <subfield code="c">AGR</subfield>
  </datafield>
  <datafield tag="999" ind1=" " ind2=" ">
    <subfield code="c">486</subfield>
    <subfield code="d">486</subfield>
  </datafield>
  <datafield tag="952" ind1=" " ind2=" ">
    <subfield code="0">0</subfield>
    <subfield code="1">0</subfield>
    <subfield code="2">ddc</subfield>
    <subfield code="4">0</subfield>
    <subfield code="6">AGR_CHE_1999_000000000000000_B024_OR_1</subfield>
    <subfield code="7">0</subfield>
    <subfield code="9">2345</subfield>
    <subfield code="a">LBB</subfield>
    <subfield code="b">LBB</subfield>
    <subfield code="c">B024</subfield>
    <subfield code="d">2015-09-15</subfield>
    <subfield code="l">2</subfield>
    <subfield code="o">AGR CHE 1999 B024 Or.1</subfield>
    <subfield code="p">RUA005009</subfield>
    <subfield code="r">2017-08-11</subfield>
    <subfield code="s">2017-08-01</subfield>
    <subfield code="w">2015-09-15</subfield>
    <subfield code="y">AGR</subfield>
  </datafield>
  <datafield tag="952" ind1=" " ind2=" ">
    <subfield code="0">0</subfield>
    <subfield code="1">0</subfield>
    <subfield code="2">ddc</subfield>
    <subfield code="4">0</subfield>
    <subfield code="6">AGR_CHE_1999_000000000000000_B024_OR_2</subfield>
    <subfield code="7">0</subfield>
    <subfield code="9">2346</subfield>
    <subfield code="a">LBB</subfield>
    <subfield code="b">LBB</subfield>
    <subfield code="c">B024</subfield>
    <subfield code="d">2015-09-15</subfield>
    <subfield code="l">1</subfield>
    <subfield code="m">2</subfield>
    <subfield code="o">AGR CHE 1999 B024 Or.2</subfield>
    <subfield code="p">RUA004287</subfield>
    <subfield code="r">2016-03-07</subfield>
    <subfield code="s">2016-02-04</subfield>
    <subfield code="w">2015-09-15</subfield>
    <subfield code="y">AGR</subfield>
  </datafield>
  <datafield tag="952" ind1=" " ind2=" ">
    <subfield code="0">0</subfield>
    <subfield code="1">0</subfield>
    <subfield code="2">ddc</subfield>
    <subfield code="4">0</subfield>
    <subfield code="6">AGR_CHE_1999_000000000000000_B024_OR_3</subfield>
    <subfield code="7">0</subfield>
    <subfield code="9">2347</subfield>
    <subfield code="a">LBB</subfield>
    <subfield code="b">LBB</subfield>
    <subfield code="c">B024</subfield>
    <subfield code="d">2015-09-15</subfield>
    <subfield code="o">AGR CHE 1999 B024 Or.3</subfield>
    <subfield code="p">RUA005228</subfield>
    <subfield code="r">2015-09-15</subfield>
    <subfield code="w">2015-09-15</subfield>
    <subfield code="y">AGR</subfield>
  </datafield>
  <datafield tag="952" ind1=" " ind2=" ">
    <subfield code="0">0</subfield>
    <subfield code="1">0</subfield>
    <subfield code="2">ddc</subfield>
    <subfield code="4">0</subfield>
    <subfield code="6">AGR_CHE_1999_000000000000000_B024_OR_4</subfield>
    <subfield code="7">0</subfield>
    <subfield code="9">5865</subfield>
    <subfield code="a">LBB</subfield>
    <subfield code="b">LBB</subfield>
    <subfield code="c">B024</subfield>
    <subfield code="d">2015-09-27</subfield>
    <subfield code="o">AGR CHE 1999 B024 Or.4</subfield>
    <subfield code="p">RUA018853</subfield>
    <subfield code="r">2015-09-27</subfield>
    <subfield code="w">2015-09-27</subfield>
    <subfield code="y">AGR</subfield>
  </datafield>
</record>
